| 000 | 00341nam a22001217a 4500 | ||
|---|---|---|---|
| 082 | _a621.395 LIN | ||
| 100 |
_aMCCOLLUM, C.L, PIPPENGER, D.E _967068 |
||
| 245 | _aLINEAR AND INTERFACE CIRCUITS APPLICATION | ||
| 260 |
_aUSA _bTEXAS INSTRUMENTION _c1974 |
||
| 300 | _aXII,367P | ||
| 650 |
_aINTERFACE CIRCUITS APPLICATION _967069 |
||
| 942 | _cBK | ||
| 999 |
_c574918 _d574918 |
||